Statistics for Spell the Marvel Character #115

Click here to take the quiz!

General Stats

  • This quiz has been taken 10 times
  • The average score is 9 of 14

Answer Stats

Answer% Correct
Daredevil
100%
Throg
80%
America Chavez
70%
Captain Britain
70%
Nakia
70%
Storm
70%
Doctor Strange
60%
Gwenpool
60%
Reptil
60%
Old Lace
50%
Oya
50%
Rintrah
50%
Triton
50%
El Muerto
40%

Score Distribution

Percentile by Number Answered

Percent of People with Each Score

Your Score History

You have not taken this quiz